| 000 | 00456nam a2200157 i 4500 | ||
|---|---|---|---|
| 001 | 88632 | ||
| 003 | ES-MaACL | ||
| 005 | 20230906175909.0 | ||
| 007 | t| | ||
| 008 | 050105s1946 ag ||||1| spa d | ||
| 100 | 1 |
_aLambert, R. _969819 |
|
| 245 | 1 | 0 |
_aAparatos y métodos de medidas mecánicas / _cR. Lambert. |
| 260 |
_aBuenos Aires : _bAlmendros y Vila, _c[1946] ( _fBalmes) |
||
| 300 |
_a239 p. : _bil. ; _c21 cm. |
||
| 852 |
_aES-MaACL _jC-4830 _bR.25496 |
||
| 999 |
_c88632 _d88632 |
||